01017 2200337 4500001002100000005001500021035002000036007000300056008004100059020002200100040002200122082001500144084001700159090002100176090002200197100004300219245007600262250002600338300002500364500005500389650003100444700001700475850001200492041001300504504003300517264003300550336002100583337003000604338002300634990002200657INLIS00000000084591120190412021504 a0010-0419000770ta190412s2018 yoi g ind d a978-602-407-182-0 aYOPDYOGbinderda04223a297.57 a297.57 UKA j aDEP 297.57 UKA j aCB-D.11 2018-15150 aUkasyah Habibu Ahmad,cUstadzepenulis10aJangan asal sabar /cpenulis, Ustadz Ukasyah Habibu Ahmad; editor, Yudi aCetakan pertama, 2018 a198 halaman ;c19 cm aTeks terdiri dari bahasa Indonesia dan bahasa Arab 4aKehidupan beragama (Islam)0 aYudieeditor aYOPDYOG0 aindgara aBibliografi: halaman 191-19431aYogyakarta :bLaksana,c2018 2rdacontentateks 2rdamediaatanpa perantara 2rdacarrieravolume aCB-D.11/2018-1515